| 000 | 00570nam a22001337a 4500 | ||
|---|---|---|---|
| 040 | _cRUA | ||
| 082 | _aRUB SEN 2015 B476 Or.1 | ||
| 100 | _aSENG TEL; សេង តែល | ||
| 245 | _aComparison of rubber clone growth in tan bein kampong thom development rubber, ប្រៀបធៀបការលូតលាស់ក្លូនកៅស៊ូនៅក្រុមហ៊ុនតាន បៀន កំពង់ធំអភិវឌ្ឍន៍កៅស៊ូ | ||
| 260 |
_aRUA _bSEN _c2015 |
||
| 300 |
_axi,47p. _bill. _c29cm. |
||
| 856 | _u SENG TEL | ||
| 942 | _cRUB | ||
| 999 |
_c10440 _d10440 |
||